00321pab a2200121 454500008004000000100002300040245005300063260000900116300001300125362000800138650001500146773003800161180718b1997 xxu||||| |||| 00| 0 eng d aKaufman, Alexander aHegel and the ontological critique of liberalism c1997 ap.807-17 aDec aLiberalism aAmerican Political Science Review